| 000 | 00422nam a2200109Ia 4500 | ||
|---|---|---|---|
| 008 | 171204s9999 xx 000 0 und d | ||
| 245 | 4 | _aThe Acquisition Of Spanish In Understudied Language Pairings: Issues in Hispanic and Lusophone Linguistics | |
| 245 | _cSilvia Perpiñán and Tiffany Judy | ||
| 260 | _c2016 | ||
| 650 | _xForeign language 2 (Spanish) | ||
| 856 | _uhttp://down.ebook777.com/016/TheAcqOfSpaInUndLanPai.pdf | ||
| 999 |
_c346798 _d346798 |
||